000
00472nam a2200169Ia 4500
008
090711s9999 xx 000 0 und d
082
_b
78014
100
_a
खरे सुरेश
245
_a
काSोSाा Sांद्र
260
_c
1972
300
_a
88
600
_a
खरे सुरेश
630
_a
काSोSाा Sांद्र
700
_a
खरे सुरेश
730
_a
काSोSाा Sांद्र
942
_c
BOOK
999
_c
308519
_d
308519